000 00530nam a2200169Ia 4500
001 2545
008 170621s1924 ii a g b000 u 465 u
082 _a930.1905
100 _aSpooner, D. Brainerd .
110 _aSpooner .
245 0 _aAnnual report of the archaeological survey of India 1921 - 22 /
_cD. Brainerd Spooner ed.
_hReports
250 _a1st ed /
260 _aSimla :
_bGovernment of India press ,
_c1924.
300 _a240p. :
_bill ;
_c32cm .
653 _aReport - India - archaeological survey
942 _2ddc
_cBK
999 _c2538
_d2538